000 00243nam a22001217a 4500
082 _a474
_bKAM/M
100 _aKAMALESHWAR
245 _aMARI PRIYA KAHANIYAM
260 _aDELHI
_bRAJPAL
300 _a128
650 _aSTORY
_zDELHI
942 _cBK
999 _c4710
_d4710